[Event "21st Sants Open 2019"]
[Site "Cotxeres de Sants"]
[Date "2019.08.24"]
[Round "2.9"]
[White "Antova, Gabriela"]
[Black "Cuartas, Jaime Alexander"]
[Result "1-0"]
[WhiteElo "2270"]
[BlackElo "2530"]
[Annotator "ChessBase"]
[PlyCount "81"]
[EventDate "2019.08.22"]
[EventType "swiss"]
[EventCountry "ESP"]
[SourceTitle "playchess.com"]
[Source "ChessBase"]
[SourceQuality "1"]
[TimeControl "40/5400+30:1800+30"]

1. e4 {[%emt 0:00:00]} e5 {[%emt 0:00:00]} 2. Nf3 {[%emt 0:00:00]} Nc6 {[%emt 0:00:00]} 3. Bb5 {[%emt 0:00:00]} g6 {[%emt 0:00:24]} 4. O-O {[%emt 0:02:09]} Bg7 {[%emt 0:00:17]} 5. c3 {[%emt 0:00:47]} a6 {[%emt 0:00:14]} 6. Ba4 {[%emt 0:00:33]} d6 {[%emt 0:01:13]} 7. d4 {[%emt 0:01:31]} Bd7 {[%emt 0:00:04]} 8. Be3 {[%emt 0:00:49]} Nge7 {[%emt 0:05:45]} 9. Nbd2 {[%emt 0:00:25]} O-O {[%emt 0:00:20]} 10. dxe5 {[%emt 0:04:25]} Nxe5 {[%emt 0:01:06]} 11. Nxe5 {[%emt 0:00:21]} dxe5 {[%emt 0:01:11]} 12. Bb3 {[%emt 0:04:57]} Qc8 {[%emt 0:03:54]} 13. Bc5 {[%emt 0:13:00]} Re8 {[%emt 0:00:15]} 14. Qf3 {[%emt 0:00:22]} Be6 {[%emt 0:00:12]} 15. Nc4 {[%emt 0:00:55]} Kh8 {[%emt 0:07:30]} 16. h3 {[%emt 0:05:51]} Ng8 {[%emt 0:02:24]} 17. Rfd1 {[%emt 0:07:03]} Nf6 {[%emt 0:04:45]} 18. Be3 {[%emt 0:09:55]} b6 {[%emt 0:07:47]} 19. Bg5 {[%emt 0:02:55]} Ng8 {[%emt 0:00:15]} 20. Rd2 {[%emt 0:02:07]} f6 {[%emt 0:03:52]} 21. Be3 {[%emt 0:03:33]} Qb7 {[%emt 0:00:38]} 22. Rad1 {[%emt 0:02:24]} f5 {[%emt 0:09:46]} 23. exf5 {[%emt 0:03:59]} Qxf3 {[%emt 0:00:06]} 24. gxf3 {[%emt 0:00:02]} Bxf5 {[%emt 0:00:07]} 25. f4 {[%emt 0:01:07]} exf4 {[%emt 0:06:40]} 26. Bxf4 {[%emt 0:00:08]} Rac8 {[%emt 0:00:14]} 27. Kh2 {[%emt 0:01:31]} Re4 {[%emt 0:10:37]} 28. Bg3 {[%emt 0:02:04]} h5 {[%emt 0:01:33]} 29. Kg2 {[%emt 0:13:13]} h4 {[%emt 0:10:27]} 30. Bh2 {[%emt 0:00:14]} Bf6 {[%emt 0:00:22]} 31. Ne3 {[%emt 0:03:39]} Bg5 {[%emt 0:00:23]} 32. Nxf5 {[%emt 0:01:15]} Bxd2 {[%emt 0:01:54]} 33. Nxh4 {[%emt 0:00:43]} Bg5 {[%emt 0:03:17]} 34. Nxg6+ {[%emt 0:00:25]} Kg7 {[%emt 0:00:08]} 35. Rd7+ {[%emt 0:02:02]} Ne7 {[%emt 0:00:12]} 36. Bxc7 {[%emt 0:05:41]} Kxg6 {[%emt 0:02:04]} 37. Bc2 {[%emt 0:00:04]} Kf5 {[%emt 0:01:10]} 38. Bg3 {[%emt 0:01:54]} Rc6 {[%emt 0:08:29]} 39. Rd4 {[%emt 0:00:17]} Rce6 {[%emt 0:00:12]} 40. Rxe4 {[%emt 0:00:00]} Rxe4 {[%emt 0:00:00]} 41. Kf3 {[%emt 0:02:39]} 1-0

[Event "21st Sants Open 2019"]
[Site "Cotxeres de Sants"]
[Date "2019.08.24"]
[Round "2.10"]
[White "Gordon, Stephen J"]
[Black "Niermann, Tristan"]
[Result "1-0"]
[WhiteElo "2520"]
[BlackElo "2266"]
[Annotator "ChessBase"]
[PlyCount "49"]
[EventDate "2019.08.22"]
[EventType "swiss"]
[EventCountry "ESP"]
[SourceTitle "playchess.com"]
[Source "ChessBase"]
[SourceQuality "1"]
[TimeControl "40/5400+30:1800+30"]

1. c4 {[%emt 0:15:12]} c6 {[%emt 0:00:00]} 2. Nf3 {[%emt 0:00:14]} d5 {[%emt 0:00:00]} 3. e3 Nf6 {[%emt 0:00:24]} 4. Nc3 {[%emt 0:00:13]} Bg4 {[%emt 0:03:51]} 5. h3 {[%emt 0:00:28]} Bxf3 {[%emt 0:01:06]} 6. Qxf3 {[%emt 0:00:02]} e5 {[%emt 0:06:05]} 7. d4 {[%emt 0:00:02]} e4 {[%emt 0:01:57]} 8. Qd1 {[%emt 0:00:09]} a6 {[%emt 0:03:07]} 9. g4 {[%emt 0:09:17]} h6 {[%emt 0:05:02]} 10. Bg2 {[%emt 0:00:25]} Bd6 {[%emt 0:02:22]} 11. Qb3 {[%emt 0:02:31]} Ra7 {[%emt 0:06:59]} 12. cxd5 {[%emt 0:07:57]} cxd5 {[%emt 0:01:19]} 13. Bd2 {[%emt 0:00:02]} Bc7 {[%emt 0:04:40]} 14. O-O-O {[%emt 0:12:25]} Ba5 {[%emt 0:11:26]} 15. f3 {[%emt 0:13:54]} exf3 {[%emt 0:02:43]} 16. Bxf3 {[%emt 0:00:02]} Bxc3 {[%emt 0:00:35]} 17. Bxc3 {[%emt 0:05:00]} O-O {[%emt 0:07:43]} 18. h4 {[%emt 0:00:02]} Re8 {[%emt 0:03:07]} 19. g5 {[%emt 0:00:17]} Rxe3 {[%emt 0:06:59]} 20. Rdf1 {[%emt 0:00:57]} hxg5 {[%emt 0:13:34]} 21. hxg5 {[%emt 0:00:17]} Ne4 {[%emt 0:01:13]} 22. Bxe4 {[%emt 0:03:41]} Rxe4 {[%emt 0:00:15]} 23. Rf5 {[%emt 0:03:09]} Nc6 {[%emt 0:05:08]} 24. g6 {[%emt 0:01:12]} b5 {[%emt 0:01:31]} 25. Rfh5 {[%emt 0:01:16]} 1-0

[Event "21st Sants Open 2019"]
[Site "Cotxeres de Sants"]
[Date "2019.08.24"]
[Round "2.11"]
[White "Vittorino, Carlo Giovanni"]
[Black "Krysa, Leandro"]
[Result "0-1"]
[WhiteElo "2264"]
[BlackElo "2516"]
[Annotator "ChessBase"]
[PlyCount "84"]
[EventDate "2019.08.22"]
[EventType "swiss"]
[EventCountry "ESP"]
[SourceTitle "playchess.com"]
[Source "ChessBase"]
[SourceQuality "1"]
[TimeControl "40/5400+30:1800+30"]

1. Nf3 {[%emt 0:15:33]} d5 {[%emt 0:00:00]} 2. d4 {[%emt 0:00:21]} Nf6 {[%emt 0:00:10]} 3. Bf4 {[%emt 0:02:04]} c5 {[%emt 0:04:30]} 4. e3 {[%emt 0:00:06]} Nc6 {[%emt 0:01:25]} 5. c3 {[%emt 0:00:11]} Qb6 {[%emt 0:01:36]} 6. Qb3 {[%emt 0:00:08]} c4 {[%emt 0:00:07]} 7. Qc2 {[%emt 0:01:09]} Bf5 {[%emt 0:05:04]} 8. Qc1 {[%emt 0:00:55]} e6 {[%emt 0:00:23]} 9. h3 {[%emt 0:00:32]} h6 {[%emt 0:00:47]} 10. Nbd2 {[%emt 0:04:49]} Qd8 {[%emt 0:00:16]} 11. Be2 {[%emt 0:01:01]} Be7 {[%emt 0:00:17]} 12. Bd1 {[%emt 0:08:23]} O-O {[%emt 0:01:35]} 13. Bc2 {[%emt 0:00:09]} b5 {[%emt 0:05:57]} 14. O-O {[%emt 0:12:53]} b4 {[%emt 0:25:15]} 15. Bxf5 {[%emt 0:10:23]} exf5 {[%emt 0:00:08]} 16. b3 {[%emt 0:01:27]} Rc8 {[%emt 0:04:34]} 17. bxc4 {[%emt 0:04:04]} dxc4 {[%emt 0:01:35]} 18. Nxc4 {[%emt 0:06:16]} Ne4 {[%emt 0:12:39]} 19. cxb4 {[%emt 0:12:52]} Nxb4 {[%emt 0:00:27]} 20. a3 {[%emt 0:00:08]} Nd5 {[%emt 0:07:23]} 21. Nfe5 {[%emt 0:05:26]} Nb6 {[%emt 0:04:58]} 22. Ra2 {[%emt 0:00:07]} f6 {[%emt 0:00:37]} 23. Rc2 {[%emt 0:00:13]} fxe5 {[%emt 0:01:03]} 24. Nxe5 {[%emt 0:00:45]} Nd5 {[%emt 0:04:56]} 25. Nc6 {[%emt 0:04:19]} Qd7 {[%emt 0:01:43]} 26. Nxe7+ {[%emt 0:00:10]} Nxe7 {[%emt 0:00:09]} 27. Rxc8 {[%emt 0:01:08]} Rxc8 {[%emt 0:00:13]} 28. Qb2 {[%emt 0:00:02]} Nd5 {[%emt 0:05:10]} 29. Be5 {[%emt 0:00:05]} Nb6 {[%emt 0:00:31]} 30. Rb1 {[%emt 0:03:24]} Nc3 {[%emt 0:04:09]} 31. Qb3+ {[%emt 0:00:16]} Qf7 {[%emt 0:00:48]} 32. Rb2 {[%emt 0:00:15]} Qxb3 {[%emt 0:02:05]} 33. Rxb3 {[%emt 0:00:01]} Kf7 {[%emt 0:00:43]} 34. g4 {[%emt 0:00:21]} g6 {[%emt 0:00:16]} 35. Kg2 {[%emt 0:00:08]} Ke6 {[%emt 0:00:29]} 36. Bg7 {[%emt 0:00:50]} h5 {[%emt 0:01:15]} 37. gxh5 {[%emt 0:04:28]} gxh5 {[%emt 0:00:07]} 38. Kf3 {[%emt 0:00:24]} Ne4 {[%emt 0:01:25]} 39. Rb5 {[%emt 0:00:34]} Nd5 {[%emt 0:00:35]} 40. Be5 {[%emt 0:00:00]} Rc2 {[%emt 0:00:00]} 41. Bg3 {[%emt 0:01:48]} Ng5+ {[%emt 0:02:45]} 42. Kg2 {[%emt 0:00:03]} Nxe3+ {[%emt 0:00:06]} 0-1

[Event "21st Sants Open 2019"]
[Site "Cotxeres de Sants"]
[Date "2019.08.24"]
[Round "2.12"]
[White "Munoz, Miguel"]
[Black "Aizpurua, Patrick"]
[Result "1/2-1/2"]
[WhiteElo "2514"]
[BlackElo "2261"]
[Annotator "ChessBase"]
[PlyCount "71"]
[EventDate "2019.08.22"]
[EventType "swiss"]
[EventCountry "ESP"]
[SourceTitle "playchess.com"]
[Source "ChessBase"]
[SourceQuality "1"]
[TimeControl "40/5400+30:1800+30"]

1. e4 {[%emt 0:16:15]} e5 {[%emt 0:00:00]} 2. d4 {[%emt 0:00:10]} exd4 {[%emt 0:00:00]} 3. Qxd4 {[%emt 0:00:05]} Nc6 {[%emt 0:00:00]} 4. Qe3 {[%emt 0:00:05]} Nf6 {[%emt 0:00:00]} 5. Bd2 {[%emt 0:00:06]} Bb4 {[%emt 0:06:33]} 6. c3 {[%emt 0:00:25]} Ba5 {[%emt 0:01:39]} 7. c4 {[%emt 0:00:09]} Bxd2+ {[%emt 0:06:42]} 8. Nxd2 {[%emt 0:00:09]} O-O {[%emt 0:01:15]} 9. O-O-O {[%emt 0:00:07]} Re8 {[%emt 0:02:04]} 10. f3 {[%emt 0:00:07]} Qe7 {[%emt 0:03:37]} 11. Nb1 {[%emt 0:01:26]} d6 {[%emt 0:01:14]} 12. Nc3 {[%emt 0:00:28]} Ne5 {[%emt 0:05:37]} 13. g4 {[%emt 0:04:12]} Be6 {[%emt 0:03:27]} 14. g5 {[%emt 0:00:06]} Nfd7 {[%emt 0:02:19]} 15. b3 {[%emt 0:00:09]} Nb6 {[%emt 0:13:16]} 16. f4 {[%emt 0:01:59]} Nc6 {[%emt 0:00:31]} 17. Nge2 {[%emt 0:06:44]} a5 {[%emt 0:09:06]} 18. Nd5 {[%emt 0:02:13]} Bxd5 {[%emt 0:05:01]} 19. cxd5 {[%emt 0:00:08]} Nb4 {[%emt 0:05:17]} 20. Nc3 {[%emt 0:01:47]} Nd7 {[%emt 0:12:22]} 21. Kb2 {[%emt 0:09:22]} Nc5 {[%emt 0:01:11]} 22. a3 {[%emt 0:00:57]} c6 {[%emt 0:03:46]} 23. Qd4 {[%emt 0:09:03]} Nba6 {[%emt 0:02:38]} 24. dxc6 {[%emt 0:06:13]} bxc6 {[%emt 0:00:12]} 25. Bxa6 {[%emt 0:00:05]} Rxa6 {[%emt 0:02:53]} 26. Qxd6 {[%emt 0:00:14]} Qa7 {[%emt 0:02:47]} 27. Qd8 {[%emt 0:25:07]} Kf8 {[%emt 0:00:15]} 28. Qd6+ {[%emt 0:13:07]} Kg8 {[%emt 0:00:07]} 29. Qd8 {[%emt 0:01:08]} Kf8 {[%emt 0:00:16]} 30. Qd6+ {[%emt 0:02:14]} Kg8 31. Qd8 Rf8 32. Qd4 Qb6 33. Qc4 Raa8 34. Kc2 Rab8 35. Rb1 Ne6 36. Ne2 1/2-1/2

[Event "21st Sants Open 2019"]
[Site "Cotxeres de Sants"]
[Date "2019.08.24"]
[Round "2.13"]
[White "Marzocchi, Tommaso"]
[Black "Gines Esteo, Pedro Antonio"]
[Result "0-1"]
[WhiteElo "2198"]
[BlackElo "2417"]
[Annotator "NA"]
[PlyCount "104"]
[EventDate "2019.08.22"]
[EventType "swiss"]
[EventCountry "ESP"]
[SourceTitle "playchess.com"]
[Source "ChessBase"]
[SourceQuality "1"]
[TimeControl "40/5400+30:1800+30"]

1. e4 {[%emt 0:05:23]} c6 {[%emt 0:00:00]} 2. d4 {[%emt 0:00:27]} d5 {[%emt 0:00:00]} 3. exd5 {[%emt 0:00:06]} cxd5 {[%emt 0:00:00]} 4. c4 {[%emt 0:00:09]} Nf6 {[%emt 0:00:00]} 5. Nc3 {[%emt 0:00:06]} Nc6 {[%emt 0:02:16]} 6. Bg5 {[%emt 0:00:24]} Be6 {[%emt 0:01:04]} 7. a3 {[%emt 0:01:12]} Qd7 {[%emt 0:05:08]} 8. Be2 {[%emt 0:01:11]} O-O-O {[%emt 0:15:15]} 9. c5 {[%emt 0:01:12]} Ne4 {[%emt 0:02:30]} 10. Nf3 {[%emt 0:03:00]} f6 {[%emt 0:14:12]} 11. Be3 {[%emt 0:01:09]} g5 {[%emt 0:00:07]} 12. Qa4 {[%emt 0:12:15]} Bg7 {[%emt 0:09:43]} 13. Rd1 {[%emt 0:06:58]} h6 {[%emt 0:08:37]} 14. Nd2 {[%emt 0:14:55]} f5 {[%emt 0:15:57]} 15. Ndxe4 {[%emt 0:06:52]} f4 {[%emt 0:00:08]} 16. Bc1 {[%emt 0:02:12]} dxe4 {[%emt 0:00:17]} 17. d5 {[%emt 0:02:29]} Bxc3+ {[%emt 0:00:06]} 18. bxc3 {[%emt 0:00:07]} Bxd5 {[%emt 0:00:02]} 19. c4 {[%emt 0:04:40]} f3 {[%emt 0:00:14]} 20. cxd5 {[%emt 0:05:22]} fxe2 {[%emt 0:01:27]} 21. Rd2 {[%emt 0:00:58]} Qg4 {[%emt 0:22:10]} 22. dxc6 {[%emt 0:02:14]} Qxg2 {[%emt 0:00:19]} 23. Qxa7 {[%emt 0:14:14]} Qxh1+ {[%emt 0:00:05]} 24. Kxe2 {[%emt 0:00:06]} Qf3+ {[%emt 0:00:03]} 25. Ke1 {[%emt 0:01:32]} Qh1+ {[%emt 0:00:01]} 26. Ke2 {[%emt 0:00:10]} Qf3+ {[%emt 0:00:00]} 27. Ke1 {[%emt 0:00:06]} Qb3 {[%emt 0:00:24]} 28. Qa8+ {[%emt 0:01:37]} Kc7 {[%emt 0:00:02]} 29. Qa5+ {[%emt 0:00:17]} b6 {[%emt 0:02:45]} 30. Qa7+ {[%emt 0:03:44]} Kxc6 {[%emt 0:00:09]} 31. cxb6 {[%emt 0:00:06]} Rxd2 {[%emt 0:01:15]} 32. Qc7+ {[%emt 0:00:08]} Kb5 {[%emt 0:01:12]} 33. Bxd2 {[%emt 0:00:06]} Qb1+ {[%emt 0:00:07]} 34. Bc1 {[%emt 0:00:29]} Ka6 {[%emt 0:00:52]} 35. Qa7+ {[%emt 0:01:07]} Kb5 {[%emt 0:00:01]} 36. Qc7 {[%emt 0:00:08]} e3 {[%emt 0:00:59]} 37. fxe3 {[%emt 0:01:16]} Rf8 {[%emt 0:00:01]} 38. Qd7+ {[%emt 0:04:29]} Kxb6 {[%emt 0:00:18]} 39. Qd4+ {[%emt 0:00:15]} Kc6 {[%emt 0:00:56]} 40. Qc4+ {[%emt 0:00:00]} Kd7 {[%emt 0:00:00]} 41. Qa4+ {[%emt 0:13:39]} Ke6 {[%emt 0:03:26]} 42. Qc4+ {[%emt 0:02:20]} Kf6 {[%emt 0:03:33]} 43. e4 {[%emt 0:02:21]} Qb6 {[%emt 0:00:13]} 44. Bd2 {[%emt 0:08:57]} Qg1+ {[%emt 0:08:08]} 45. Ke2 {[%emt 0:00:24]} Qxh2+ {[%emt 0:00:34]} 46. Ke1 {[%emt 0:02:28]} Qg1+ {[%emt 0:00:47]} 47. Ke2 {[%emt 0:00:07]} Qg4+ {[%emt 0:00:29]} 48. Ke1 {[%emt 0:01:06]} Kg6 {[%emt 0:00:28]} 49. Qc6+ {[%emt 0:00:46]} Kh5 {[%emt 0:00:48]} 50. e5 {[%emt 0:00:59]} Qg3+ {[%emt 0:01:27]} 51. Ke2 {[%emt 0:00:12]} Rf2+ {[%emt 0:00:19]} 52. Kd1 {[%emt 0:00:06]} Qd3 {[%emt 0:01:04]} 0-1

[Event "21st Sants Open 2019"]
[Site "Cotxeres de Sants"]
[Date "2019.08.24"]
[Round "2.14"]
[White "Melia, Salome"]
[Black "Sole Pijuan, Ferran"]
[Result "1-0"]
[WhiteElo "2376"]
[BlackElo "2158"]
[Annotator "ChessBase"]
[PlyCount "143"]
[EventDate "2019.08.22"]
[EventType "swiss"]
[EventCountry "ESP"]
[SourceTitle "playchess.com"]
[Source "ChessBase"]
[SourceQuality "1"]
[TimeControl "40/5400+30:1800+30"]

1. e4 {[%emt 0:00:00]} e5 {[%emt 0:00:15]} 2. Nf3 {[%emt 0:00:00]} Nc6 {[%emt 0:00:12]} 3. Bc4 {[%emt 0:00:00]} Nf6 {[%emt 0:00:15]} 4. d4 {[%emt 0:01:32]} exd4 {[%emt 0:01:04]} 5. e5 {[%emt 0:00:07]} d5 {[%emt 0:00:33]} 6. Bb5 {[%emt 0:00:06]} Ne4 {[%emt 0:00:11]} 7. Nxd4 {[%emt 0:00:19]} Bd7 {[%emt 0:00:10]} 8. Bxc6 {[%emt 0:01:23]} bxc6 {[%emt 0:00:06]} 9. O-O {[%emt 0:08:03]} Bc5 {[%emt 0:00:21]} 10. Be3 {[%emt 0:01:19]} O-O {[%emt 0:01:12]} 11. Nd2 {[%emt 0:03:50]} Nxd2 {[%emt 0:04:53]} 12. Qxd2 {[%emt 0:00:09]} Bb6 {[%emt 0:11:34]} 13. Nb3 {[%emt 0:04:08]} Qe7 {[%emt 0:02:27]} 14. Rae1 {[%emt 0:10:27]} h6 15. f4 Bf5 {[%emt 0:15:40]} 16. Qc3 {[%emt 0:12:21]} Qd7 {[%emt 0:09:18]} 17. Nc5 {[%emt 0:06:09]} Bxc5 18. Bxc5 {[%emt 0:04:56]} Rfe8 {[%emt 0:02:20]} 19. h3 {[%emt 0:13:16]} h5 20. Rf3 {[%emt 0:00:15]} Re6 {[%emt 0:16:28]} 21. Rg3 Rg6 {[%emt 0:05:36]} 22. Rxg6 {[%emt 0:00:38]} Bxg6 {[%emt 0:08:19]} 23. Qe3 {[%emt 0:09:39]} Bxc2 24. Bxa7 {[%emt 0:00:53]} Be4 {[%emt 0:01:53]} 25. a3 {[%emt 0:04:15]} Qf5 {[%emt 0:02:01]} 26. Bd4 {[%emt 0:00:52]} Qg6 {[%emt 0:01:07]} 27. Re2 {[%emt 0:01:36]} Bd3 {[%emt 0:01:05]} 28. Rd2 {[%emt 0:01:33]} Bc4 {[%emt 0:00:38]} 29. Kh2 Rb8 {[%emt 0:00:41]} 30. b4 {[%emt 0:02:25]} Ra8 {[%emt 0:01:56]} 31. Bb2 Bb5 32. Qg3 {[%emt 0:03:49]} Qxg3+ {[%emt 0:03:08]} 33. Kxg3 Kf8 {[%emt 0:06:27]} 34. Kh4 {[%emt 0:04:29]} g6 35. f5 gxf5 {[%emt 0:03:32]} 36. Kxh5 {[%emt 0:04:35]} Ke7 {[%emt 0:00:03]} 37. Kg5 {[%emt 0:02:27]} Ke6 {[%emt 0:00:20]} 38. Kf4 {[%emt 0:01:21]} Rg8 {[%emt 0:01:26]} 39. Rf2 {[%emt 0:01:00]} Rg6 {[%emt 0:01:42]} 40. Bd4 {[%emt 0:00:00]} Rg8 {[%emt 0:00:00]} 41. g4 {[%emt 0:11:17]} fxg4 {[%emt 0:02:07]} 42. hxg4 {[%emt 0:00:13]} Rh8 {[%emt 0:00:59]} 43. Kg3 {[%emt 0:00:58]} Ra8 {[%emt 0:10:22]} 44. Rf6+ {[%emt 0:03:40]} Ke7 {[%emt 0:00:19]} 45. Bc5+ {[%emt 0:00:03]} Ke8 {[%emt 0:00:25]} 46. Rf3 {[%emt 0:02:26]} Rd8 {[%emt 0:03:44]} 47. g5 {[%emt 0:02:24]} Kd7 {[%emt 0:06:23]} 48. Bd4 {[%emt 0:02:57]} Ke7 {[%emt 0:01:23]} 49. Rf6 {[%emt 0:01:26]} Ra8 {[%emt 0:00:02]} 50. Bc5+ {[%emt 0:00:09]} Kd7 {[%emt 0:04:00]} 51. e6+ fxe6 {[%emt 0:00:06]} 52. Rf7+ {[%emt 0:08:32]} Kc8 53. Rf8+ {[%emt 0:00:55]} Kb7 {[%emt 0:00:35]} 54. Rxa8 Kxa8 55. g6 {[%emt 0:01:53]} Bd3 {[%emt 0:00:30]} 56. g7 {[%emt 0:00:00]} Bh7 {[%emt 0:00:10]} 57. Kf4 {[%emt 0:00:00]} Kb7 {[%emt 0:00:12]} 58. Ke5 {[%emt 0:00:38]} Bg8 {[%emt 0:02:00]} 59. a4 {[%emt 0:00:18]} Kc8 {[%emt 0:01:22]} 60. Kf6 {[%emt 0:03:13]} Kd7 {[%emt 0:00:05]} 61. a5 {[%emt 0:01:02]} Kc8 {[%emt 0:00:09]} 62. a6 {[%emt 0:00:32]} Kb8 {[%emt 0:00:24]} 63. Bd4 {[%emt 0:00:23]} Ka8 {[%emt 0:00:06]} 64. Bc5 {[%emt 0:00:22]} Kb8 {[%emt 0:00:09]} 65. Ke7 {[%emt 0:00:44]} e5 66. Kf6 d4 {[%emt 0:00:43]} 67. Kxe5 {[%emt 0:00:37]} d3 {[%emt 0:00:00]} 68. Be3 d2 {[%emt 0:00:00]} 69. Bxd2 {[%emt 0:00:25]} Ka7 {[%emt 0:00:18]} 70. Be3+ {[%emt 0:00:52]} Kxa6 71. Kf6 {[%emt 0:00:31]} Kb7 {[%emt 0:07:07]} 72. Ke7 1-0

[Event "21st Sants Open 2019"]
[Site "Cotxeres de Sants"]
[Date "2019.08.24"]
[Round "2.15"]
[White "Garcia Gallardo, Victor"]
[Black "Rodriguez Regull, German"]
[Result "0-1"]
[WhiteElo "1767"]
[BlackElo "1944"]
[Annotator "NA"]
[PlyCount "102"]
[EventDate "2019.08.22"]
[EventType "swiss"]
[EventCountry "ESP"]
[SourceTitle "playchess.com"]
[Source "ChessBase"]
[SourceQuality "1"]
[TimeControl "40/5400+30:1800+30"]

1. e4 {[%emt 0:00:00]} b6 {[%emt 0:00:01]} 2. d4 {[%emt 0:00:00]} Bb7 {[%emt 0:00:14]} 3. Bd3 {[%emt 0:00:01]} e6 {[%emt 0:03:08]} 4. Nf3 {[%emt 0:01:01]} Nf6 {[%emt 0:00:31]} 5. Qe2 {[%emt 0:01:36]} d5 {[%emt 0:00:36]} 6. e5 {[%emt 0:01:34]} Ne4 {[%emt 0:00:34]} 7. Nbd2 {[%emt 0:00:58]} Nxd2 {[%emt 0:00:35]} 8. Bxd2 {[%emt 0:00:17]} c5 {[%emt 0:00:22]} 9. c3 {[%emt 0:00:30]} Nc6 {[%emt 0:00:18]} 10. O-O {[%emt 0:00:55]} Be7 {[%emt 0:00:25]} 11. a3 {[%emt 0:15:44]} a5 {[%emt 0:01:28]} 12. a4 {[%emt 0:02:36]} O-O {[%emt 0:01:19]} 13. Rac1 {[%emt 0:06:19]} h6 {[%emt 0:07:13]} 14. Bb1 {[%emt 0:01:13]} Ba6 {[%emt 0:00:18]} 15. Bd3 {[%emt 0:00:12]} Bxd3 {[%emt 0:00:15]} 16. Qxd3 {[%emt 0:00:08]} Qd7 {[%emt 0:04:01]} 17. Qb5 {[%emt 0:05:56]} c4 {[%emt 0:01:52]} 18. b3 {[%emt 0:00:31]} cxb3 {[%emt 0:01:44]} 19. Qxb3 {[%emt 0:01:51]} Rab8 {[%emt 0:01:25]} 20. Rfd1 {[%emt 0:11:19]} Rfc8 {[%emt 0:05:49]} 21. Qb5 {[%emt 0:01:54]} Qb7 {[%emt 0:02:32]} 22. c4 {[%emt 0:08:41]} Na7 {[%emt 0:14:18]} 23. Qb3 {[%emt 0:00:09]} dxc4 {[%emt 0:00:31]} 24. Rxc4 {[%emt 0:00:18]} Rxc4 {[%emt 0:00:13]} 25. Qxc4 {[%emt 0:00:13]} Rc8 {[%emt 0:00:08]} 26. Qb3 {[%emt 0:00:36]} Nc6 {[%emt 0:05:09]} 27. h3 {[%emt 0:03:17]} Nb4 {[%emt 0:00:15]} 28. Bxb4 {[%emt 0:02:30]} Bxb4 {[%emt 0:00:03]} 29. Rd3 {[%emt 0:09:35]} Rd8 {[%emt 0:01:52]} 30. Qc4 {[%emt 0:01:46]} Qd7 {[%emt 0:02:14]} 31. Qb3 {[%emt 0:05:28]} Qc6 {[%emt 0:00:20]} 32. Rd1 {[%emt 0:01:07]} b5 {[%emt 0:03:50]} 33. axb5 {[%emt 0:01:57]} Qxb5 {[%emt 0:00:02]} 34. Rb1 {[%emt 0:04:02]} Qc6 {[%emt 0:03:01]} 35. Qb2 {[%emt 0:03:18]} Rc8 {[%emt 0:00:48]} 36. Qa2 {[%emt 0:00:40]} Qe4 {[%emt 0:00:46]} 37. Rf1 {[%emt 0:04:36]} g5 {[%emt 0:01:10]} 38. Qa4 {[%emt 0:00:44]} Qc6 {[%emt 0:05:55]} 39. Ra1 {[%emt 0:03:19]} Qd5 {[%emt 0:01:46]} 40. Rb1 {[%emt 0:00:00]} Kg7 {[%emt 0:00:00]} 41. Rxb4 {[%emt 0:02:55]} axb4 {[%emt 0:02:06]} 42. Qxb4 {[%emt 0:00:07]} Rc1+ {[%emt 0:03:47]} 43. Kh2 {[%emt 0:00:29]} Qe4 {[%emt 0:00:17]} 44. Qd2 {[%emt 0:03:07]} Rc2 {[%emt 0:01:01]} 45. Qe3 {[%emt 0:00:25]} Qxe3 {[%emt 0:01:27]} 46. fxe3 {[%emt 0:00:07]} Re2 {[%emt 0:00:17]} 47. Kg3 {[%emt 0:00:28]} Rxe3 {[%emt 0:00:17]} 48. h4 {[%emt 0:01:53]} Kg6 {[%emt 0:01:11]} 49. hxg5 {[%emt 0:01:52]} hxg5 {[%emt 0:00:02]} 50. Kf2 {[%emt 0:01:36]} Re4 {[%emt 0:01:08]} 51. Kg3 {[%emt 0:02:26]} Kh5 {[%emt 0:01:04]} 0-1